[Event "CHN-chT qual"]
[Site "Jiaxing"]
[Date "2017.07.02"]
[Round "6"]
[White "Chen, Zhi"]
[Black "Wang, Zhai"]
[Result "1/2-1/2"]
[WhiteElo "1739"]
[BlackElo "1396"]
[PlyCount "97"]
[EventDate "2017.06.29"]
[EventType "swiss"]
[EventRounds "9"]
[EventCountry "CHN"]
[SourceTitle "EXT 2018"]
[Source "ChessBase"]
[SourceDate "2017.10.13"]
[SourceVersion "1"]
[SourceVersionDate "2017.10.13"]
[SourceQuality "1"]

1. d4 c5 2. c3 Nf6 3. Nf3 e6 4. Bg5 h6 5. Bh4 Nc6 6. e3 g5 7. Bg3 Bg7 8. Nbd2 d5 9. Bd3 Qe7 10. 0-0 0-0 11. Ne5 Nd7 12. Nxd7 Bxd7 13. f3 f5 14. Bf2 cxd4 15. exd4 a6 16. Nb3 b5 17. Re1 Bc8 18. Rc1 Qd6 19. Rc2 Bd7 20. Rce2 Rae8 21. Bc2 Rf7 22. Nc5 Bc8 23. Nd3 a5 24. Bg3 f4 25. Bf2 Rfe7 26. Ne5 Bxe5 27. dxe5 Qb8 28. Qd3 Rg7 29. Bd4 b4 30. Ba4 Nxd4 31. cxd4 Ree7 32. Rc1 Qa8 33. Rec2 Ba6 34. Bb5 Bb7 35. Bc6 Ba6 36. Bb5 Bb7 37. h3 Qa7 38. Rc5 Qb6 39. a4 h5 40. Qe2 Kh7 41. Qd3+ Kh6 42. Qd2 Rgf7 43. b3 h4 44. Qc2 Rg7 45. Kh2 Rh7 46. Bd3 Rhg7 47. Bb5 Rh7 48. Bd3 Rhg7 49. Bb5 1/2-1/2